<?xml version="1.0" encoding="UTF-8"?>
<record
    xmlns:xsi="http://www.w3.org/2001/XMLSchema-instance"
    xsi:schemaLocation="http://www.loc.gov/MARC21/slim http://www.loc.gov/standards/marcxml/schema/MARC21slim.xsd"
    xmlns="http://www.loc.gov/MARC21/slim">

  <leader>00577cam a2200181 a 4500</leader>
  <datafield tag="999" ind1=" " ind2=" ">
    <subfield code="c">23293</subfield>
    <subfield code="d">23293</subfield>
  </datafield>
  <controlfield tag="001">17470174</controlfield>
  <controlfield tag="005">20220823091451.0</controlfield>
  <controlfield tag="008">120921s2012    xo       b    000 0 slo  </controlfield>
  <datafield tag="020" ind1=" " ind2=" ">
    <subfield code="a">9788055604077</subfield>
  </datafield>
  <datafield tag="020" ind1=" " ind2=" ">
    <subfield code="a">805560407X</subfield>
  </datafield>
  <datafield tag="040" ind1=" " ind2=" ">
    <subfield code="a">DLC</subfield>
    <subfield code="c">DLC</subfield>
  </datafield>
  <datafield tag="100" ind1="1" ind2=" ">
    <subfield code="a">Z&#xE1;borsk&#xFD;, Jon&#xE1;&#x161;,</subfield>
    <subfield code="d">1812-1876.</subfield>
    <subfield code="9">3281</subfield>
  </datafield>
  <datafield tag="245" ind1="1" ind2="0">
    <subfield code="a">Dejiny kr&#xE1;l&#x315;ovstva uhorsk&#xE9;ho :</subfield>
    <subfield code="b">od po&#x10D;iatku do &#x10D;asov &#x17D;igmundov&#xFD;ch /</subfield>
    <subfield code="c">vypravuje Jon&#xE1;&#x161; Z&#xE1;borsk&#xFD;.</subfield>
  </datafield>
  <datafield tag="250" ind1=" " ind2=" ">
    <subfield code="a">1. slovensk&#xE9; vyd.</subfield>
  </datafield>
  <datafield tag="260" ind1=" " ind2=" ">
    <subfield code="a">Bratislava :</subfield>
    <subfield code="b">Slovart,</subfield>
    <subfield code="c">2012.</subfield>
  </datafield>
  <datafield tag="300" ind1=" " ind2=" ">
    <subfield code="a">xxvi, 706 p. ;</subfield>
    <subfield code="c">24 cm.</subfield>
  </datafield>
  <datafield tag="651" ind1=" " ind2="0">
    <subfield code="a">Hungary</subfield>
    <subfield code="x">History.</subfield>
    <subfield code="9">2987</subfield>
  </datafield>
  <datafield tag="952" ind1=" " ind2=" ">
    <subfield code="0">0</subfield>
    <subfield code="1">0</subfield>
    <subfield code="2">udc</subfield>
    <subfield code="4">0</subfield>
    <subfield code="7">0</subfield>
    <subfield code="8">D</subfield>
    <subfield code="a">10000</subfield>
    <subfield code="b">10000</subfield>
    <subfield code="d">2022-08-23</subfield>
    <subfield code="i">21626</subfield>
    <subfield code="l">2</subfield>
    <subfield code="o">S1530</subfield>
    <subfield code="p">S1530</subfield>
    <subfield code="r">2026-06-23</subfield>
    <subfield code="s">2026-01-16</subfield>
    <subfield code="w">2022-08-23</subfield>
    <subfield code="y">OLDO</subfield>
  </datafield>
</record>
